دیوان جمیله / (Record no. 170651)

MARC details
000 -LEADER
fixed length control field 00727nam a22002417a 4500
005 - DATE AND TIME OF LATEST TRANSACTION
control field 20191219111411.0
010 ## - LCCN (DPL NO)
LC control number B-133779
020 ## - INTERNATIONAL STANDARD BOOK NUMBER
Terms of availability 160.00
035 ## - SYSTEM CONTROL NUMBER
System control number B-133779
037 ## - SOURCE OF ACQUISITION
Source of stock number/acquisition BPPD/Pub.
082 ## - DEWEY DECIMAL CLASSIFICATION NUMBER
Classification number 841
100 ## - MAIN ENTRY--PERSONAL NAME
Personal name جمیلہ خدابخس
245 ## - TITLE STATEMENT
Title دیوان جمیله /
Statement of responsibility, etc جمیلہ خدابخس
246 ## - VARYING FORM OF TITLE
Title proper/short title Deewan-e-Jameela vol.III (Urdu) /
Remainder of title by jameela Khudabakhsh
260 ## - PUBLICATION, DISTRIBUTION, ETC. (IMPRINT)
Place of publication, distribution, etc پٹنہ
Name of publisher, distributor, etc خدابخش ورئیےنٹل پبلک لائبریری
Date of publication, distribution, etc 2005 ء
270 ## - ADDRESS
City پٹنہ
300 ## - PHYSICAL DESCRIPTION
Extent 207p.
Dimensions 21cm(Hb)
650 ## - SUBJECT ADDED ENTRY--TOPICAL TERM
Topical term or geographic name as entry element ادب -- اردو
650 ## - SUBJECT ADDED ENTRY--TOPICAL TERM
Topical term or geographic name as entry element اردو غزل
650 ## - SUBJECT ADDED ENTRY--TOPICAL TERM
Topical term or geographic name as entry element Urdu literature
650 ## - SUBJECT ADDED ENTRY--TOPICAL TERM
Topical term or geographic name as entry element Urdu poetry
942 ## - ADDED ENTRY ELEMENTS (KOHA)
Source of classification or shelving scheme Dewey Decimal Classification
Item type Urdu Bks
Classification part 841
Call number suffix ج م ی
Holdings
Withdrawn status Lost status Not for loan Collection code Home library Current library Date acquired Source of acquisition Cost, normal purchase price Full call number Barcode Copy number Cost, replacement price Koha item type
      Non-fiction Central Library Central Library 19/12/2019 BPPD/Ven. 160.00 841 ج م ی B-133779 1 160.00 Urdu Bks

© Delhi Public Library
Hit Counter
free hit counter